00485nam a2200121Ia 4500008004100000024005700041082001900098100007000117245009000187260002600277600002700303650003300330260210s9999 xx 000 0 und d a08B-07-EE, 08B-141-EE, 09B-61-EE & 09B-94-EE a629.895072 MUH aMuhammad Ismail, Faisal Mushtaq, Syed Rehan Ali & Ehsan Ramay 0aImplementation of Distributed Control System Using two Programmable Logic Controllers aKarachi:bUITU,c2009 aElectronic Engineering aBachelor of Engineering (BE)